00878nam a22002657a 45000010005000000030006000050050017000110080041000280200015000690400029000840500017001130820008001301000032001382450063001702500041002332600034002743000061003085050007003695200112003765210019004885210018005076500021005256500033005467000033005798042FISKH20250819131751.0250819b cb ||||| |||| 00| 0 eng d a0590422421 aFISKHbengcFISKHdFISKH aPZ7.H14115 O a823 aHall, Donaldd(1928–2018) aOx-cart man /cBy Donald Hall ; Pictures by Barbara Cooney aThis edition first published in 1988 aNew York :bScholastic,c1979 a37 unnumbered pages :bcolor illustrations ;c21 x 26 cm aZ  aDescribes the day-to-day life throughout the changing seasons of an early 19th-century New England family. 8 a1130 bLexile 8 aZ bRaz-Plus  2FarmingaSeasons 2New EnglandaCaldecott Medal aCooney, Barbaradillustrator